[Event "BAN-chT Golden Jubilee 2021-22"]
[Site "Dhaka"]
[Date "2022.03.20"]
[Round "11.21"]
[White "Islam, Khandaker Aminul"]
[Black "Sankalp Gupta"]
[Result "0-1"]
[WhiteElo "2153"]
[BlackElo "2536"]
[Annotator "TA"]
[PlyCount "56"]
[EventDate "2022.03.10"]
[EventType "team-tourn"]
[EventCountry "BAN"]
[SourceTitle "playchess.com"]
[Source "ChessBase"]
[SourceQuality "1"]

{[%evp 11,56,18,24,24,22,0,4,10,11,0,40,10,45,48,51,37,51,60,35,0,0,-16,-18,-23,-22,-25,-21,-45,-12,-15,-18,-12,-11,-144,-121,-124,-137,-133,-121,-140,-133,-136,-143,-135,-128,-29997,-29998]} 1. d4 Nf6 2. Nf3 d5 3. Bf4 c5 4. e3 Nc6 5. Nbd2 Bg4 6. c3 e6 7. Qb3 {D02: 1 d4 d5 2 Nf3 sidelines, including 2...Nf6 3 g3 and 2...Nf6 3 Bf4.} Qc8 8. Ne5 Nxe5 9. Bxe5 {The position is equal.} Nd7 10. Qa4 {[#]} cxd4 $146 ({Predecessor:} 10... f6 11. dxc5 Bf5 12. Bd6 Bxd6 13. cxd6 Qc5 14. Bb5 Qxd6 15. Rd1 Ke7 16. e4 Nc5 {0-1 (50) Carlstedt,J (2451)-Krause,B (2425) Playchess.com INT 2020}) 11. Bxd4 Bh5 12. e4 dxe4 13. Nxe4 {[%cal Od4g7] [#] aiming for Bxg7!} Qc7 14. Ng3 ({But not} 14. Bxa7 $2 b6 15. Bb5 (15. Qb5 $2 Bg6 $19) 15... Rxa7 $19) 14... Bg6 15. Rd1 {Black must now prevent Bb5.} (15. h4 $5 {[%cal Rh4h5]} h5 16. Rd1 $11) 15... a6 {Prevents Bb5.} 16. Be2 O-O-O 17. O-O Nc5 18. Bxc5 Bxc5 19. b4 Ba7 20. c4 $1 h5 {Threatens to win with ...h4.} 21. Rxd8+ $1 Rxd8 22. Bxh5 (22. Nxh5 $11 {remains equal.} Bxh5 23. Bxh5) 22... Bxh5 $17 23. Nxh5 g6 24. Ng3 Qxc4 25. Qa3 {And now Rc1 would win.} Kb8 {Black is much more active.} 26. Qb2 Bb6 27. a3 Qf4 28. Ne2 $2 {[%mdl 8192] [#]} (28. Qc3 $17) 28... Qxf2+ $1 {[%mdl 512] Weighted Error Value: White=0.44/Black=0.06 (flawless)} 0-1

[Event "BAN-chT Golden Jubilee 2021-22"]
[Site "Dhaka"]
[Date "2022.03.20"]
[Round "11.22"]
[White "Narayanan, Srinath"]
[Black "Ahmed, Sheikh Nasir"]
[Result "1-0"]
[WhiteElo "2553"]
[BlackElo "2168"]
[Annotator "TA"]
[PlyCount "51"]
[EventDate "2022.03.10"]
[EventType "team-tourn"]
[EventCountry "BAN"]
[SourceTitle "playchess.com"]
[Source "ChessBase"]
[SourceQuality "1"]

{[%evp 9,51,10,70,30,62,66,80,83,81,68,90,89,98,90,80,77,187,176,174,175,185,168,179,173,288,302,308,319,318,302,291,320,470,488,535,400,403,357,359,352,452,449,418,396]} 1. c4 e5 {[%cal Be7e5,Be5e4][%mdl 32]} 2. g3 c6 3. Nf3 {[%cal Bg1f3,Bf3d4,Bd4b3][%mdl 32]} e4 4. Nd4 d5 5. d3 h6 (5... Nf6 $11) 6. Bg2 {White wants to play cxd5. A20: English Opening: 1...e5.} Nf6 7. O-O {[#]} Bc5 $146 {Black is on the road to losing.} ({Predecessor:} 7... exd3 8. Qxd3 dxc4 9. Qxc4 Be7 10. Nc3 O-O 11. Rd1 Qa5 12. h3 Qa6 13. Qb3 Re8 {1-0 (76) Nguyen,A (2298)-Laux,D (2085) Magdeburg 2021}) 8. Nb3 {White is better.} Bb6 9. cxd5 cxd5 10. dxe4 Nxe4 11. Nc3 Nxc3 12. bxc3 {[%cal Bb2c3,Bc3c4,Bc4d5,Bd5d6][%mdl 32]} Be6 (12... Nc6 $16) 13. c4 $1 $18 {[%cal Rc4d5]} O-O (13... dxc4 $2 14. Qxd8+ Kxd8 15. Bxb7 $1 cxb3 16. axb3 (16. Bxa8 bxa2 17. Bd5 Bxd5 $18)) 14. cxd5 Bg4 15. h3 Bh5 16. a4 {[%cal Ba2a4,Ba4a5][%mdl 32] And now a5 would win.} Re8 {[#]} (16... a5 $142 17. d6 Nd7) 17. g4 $1 Bg6 18. a5 Bc7 19. d6 $1 Bxd6 20. Bxb7 Qc7 (20... Be4 {might work better.}) 21. Bxa8 Bc2 22. Qd2 Bxb3 23. Bf3 Rd8 24. Qe3 Be6 25. Ba3 {Threatens to win with Rfc1.} Bf4 26. Qc5 {Weighted Error Value: White=0.17 (very precise) /Black=0.35} 1-0

[Event "BAN-chT Golden Jubilee 2021-22"]
[Site "Dhaka"]
[Date "2022.03.20"]
[Round "11.24"]
[White "Sultana, Sharmin Shirin"]
[Black "Subrota, Biswas"]
[Result "0-1"]
[WhiteElo "1998"]
[BlackElo "2202"]
[Annotator "ChessBase"]
[PlyCount "88"]
[EventDate "2022.03.10"]
[EventType "team-tourn"]
[EventCountry "BAN"]
[SourceTitle "playchess.com"]
[Source "ChessBase"]
[SourceQuality "1"]
[TimeControl "40/5400+30:1800+30"]

1. d4 {[%emt 0:01:48]} Nf6 {[%emt 0:08:55]} 2. Nf3 {[%emt 0:00:23]} c5 {[%emt 0:02:20]} 3. e3 {[%emt 0:00:53]} d5 {[%emt 0:01:28]} 4. b3 {[%emt 0:00:46]} cxd4 {[%emt 0:00:06]} 5. exd4 {[%emt 0:00:11]} Nc6 {[%emt 0:00:39]} 6. Bd3 {[%emt 0:07:20]} Bg4 {[%emt 0:00:23]} 7. Bb2 {[%emt 0:00:42]} e6 {[%emt 0:00:55]} 8. O-O {[%emt 0:03:41]} Bd6 {[%emt 0:02:52]} 9. Nbd2 {[%emt 0:01:41]} O-O {[%emt 0:00:13]} 10. Re1 {[%emt 0:04:37]} Nb4 {[%emt 0:00:44]} 11. Nf1 {[%emt 0:23:23]} Rc8 {[%emt 0:01:34]} 12. c3 {[%emt 0:10:35]} Nxd3 {[%emt 0:00:13]} 13. Qxd3 {[%emt 0:00:02]} Qa5 {[%emt 0:00:54]} 14. Ne5 {[%emt 0:07:12]} Bf5 {[%emt 0:00:44]} 15. Qf3 {[%emt 0:04:24]} Ne4 {[%emt 0:08:46]} 16. Rec1 {[%emt 0:05:48]} f6 {[%emt 0:00:50]} 17. Nd7 {[%emt 0:02:26]} Rf7 {[%emt 0:01:10]} 18. b4 {[%emt 0:00:15]} Qd8 {[%emt 0:00:06]} 19. Nc5 {[%emt 0:00:14]} Ng5 {[%emt 0:00:57]} 20. Qe2 {[%emt 0:02:36]} b6 {[%emt 0:00:18]} 21. Nb3 {[%emt 0:03:09]} Rfc7 {[%emt 0:04:48]} 22. Nbd2 {[%emt 0:01:53]} Qe8 {[%emt 0:01:45]} 23. Ne3 {[%emt 0:04:12]} Bg6 {[%emt 1:01:20]} 24. Re1 {[%emt 0:03:11]} Re7 {[%emt 0:00:00]} 25. a4 {[%emt 0:00:28]} h5 {[%emt 0:00:00]} 26. b5 {[%emt 0:03:32]} h4 {[%emt 0:00:00]} 27. h3 {[%emt 0:00:53]} Bh5 {[%emt 0:00:00]} 28. Qd3 {[%emt 0:00:09]} Qf8 {[%emt 0:00:00]} 29. a5 {[%emt 0:03:16]} f5 {[%emt 0:00:00]} 30. Ba3 {[%emt 0:01:33]} Bxa3 {[%emt 0:00:00]} 31. Rxa3 {[%emt 0:00:02]} Rec7 {[%emt 0:00:00]} 32. Rea1 {[%emt 0:02:50]} bxa5 {[%emt 0:00:00]} 33. c4 {[%emt 0:01:20]} f4 {[%emt 0:00:00]} 34. Nef1 {[%emt 0:00:29]} dxc4 {[%emt 0:00:00]} 35. Qc2 {[%emt 0:00:16]} c3 {[%emt 0:00:00]} 36. Nb3 {[%emt 0:00:16]} f3 {[%emt 0:00:00]} 37. Qc1 {[%emt 0:00:54]} Qf6 {[%emt 0:00:00]} 38. Qe3 {[%emt 0:01:26]} Qg6 {[%emt 0:00:00]} 39. Kh2 {[%emt 0:00:34]} fxg2 {[%emt 0:00:00]} 40. Ng3 {[%emt 0:00:00]} hxg3+ {[%emt 0:00:00]} 41. Qxg3 {[%emt 0:03:43]} c2 {[%emt 0:00:00]} 42. Nc5 {[%emt 0:01:34]} e5 {[%emt 0:00:00]} 43. Rxa5 {[%emt 0:23:55]} exd4 {[%emt 0:00:00]} 44. Ra6 {[%emt 0:01:06]} Nf3+ {[%emt 0:00:00]} 0-1